| 000 | 01336nam a22002291i 4500 | ||
|---|---|---|---|
| 001 | 13267 | ||
| 090 | _a13267 | ||
| 100 | _a20170304u u u0frey50 ba | ||
| 101 | 0 | _apor | |
| 200 | 1 |
_fEdmund Husserl _aInvestigações lógicas |
|
| 215 |
_avol. _d22 cm |
||
| 300 | _aDe acordo com o texto de Husserliana XIX | ||
| 327 | _aVol. 2, parte 1: Investigações para a fenomenologia e a teoria do conhecimento / trad. Pedro M. S. Alves, Carlos Aurélio Morujão. - ISBN 978-972-8531-59-1. - 573, [3] p. . - Vol. 2, parte 2: Investigações para a fenomenologia e a teoria do conhecimento / trad. Carlos Aurélio Morujão. - ISBN 978-972-8531-61-4. - 254, [2] p. | ||
| 700 | 1 |
_aHusserl _bEdmund _4070 _f1859-1938 |
|
| 210 |
_cCentro de Filosofia da Universidade _aLisboa _d2007 |
||
| 225 | 2 | _aPhainomenon-clássicos de fenomenologia | |
| 410 | 0 | _tPhainomenon-clássicos de fenomenologia | |
| 996 |
_f0015047 _k165.6 HUS II-1 _m00000000 _n00000000 _aBMVA _b1 _vViana do Alentejo _xFilosofia _y24 _eLivro _10 _31 |
||
| 996 |
_f0015048 _k165.6 HUS II-2 _m00000000 _n00000000 _aBMVA _b1 _vViana do Alentejo _xFilosofia _y24 _eLivro _10 _31 |
||
| 996 |
_f0018047 _k165.6 HUS II-2 _m00000000 _n00000000 _aBMVAAL _b3 _vAlcáçovas _xFilosofia _y24 _eLivro _10 _31 |
||
| 996 |
_f0018048 _k165.6 HUS II-1 _m00000000 _n00000000 _aBMVAAL _b3 _vAlcáçovas _xFilosofia _y24 _eLivro _10 _31 |
||
| 990 | _cLIVROS | ||